| 000 | 01029nam a2200325 u 4500 | ||
|---|---|---|---|
| 001 | 67317 | ||
| 005 | 20240918091348.0 | ||
| 008 | 170511s2000 cau r 000 0 eng d | ||
| 020 | _a9780898707861 | ||
| 040 | _erda | ||
| 041 | 0 | _aeng | |
| 082 | 0 |
_a179.7 _bSPI |
|
| 100 | 1 |
_aSpitzer, Robert J., _d1952- _eautor _94401 |
|
| 245 | 1 | 0 |
_aHealing the culture : _ba commonsense philosophy of happiness, freedom, and the life issues / _cby Robert J. Spitzer, Robin A. Bernhoft, Camille E. De Blasi. |
| 250 | _a[First edition] | ||
| 264 | 1 |
_aSan Francisco : _bIgnatius Press, _c2000 |
|
| 300 |
_a347 páginas ; _c23 cm. |
||
| 336 |
_atexto _2rdacontent _btxt |
||
| 337 |
_asin medio _2rdamedia _bn |
||
| 338 |
_avolumen _2rdacarrier _bnc |
||
| 650 | 4 | _aFelicidad | |
| 650 | 4 | _aContentamiento | |
| 650 | 4 | _aCalidad de vida | |
| 650 | 4 | _aÉtica | |
| 650 | 4 | _aAborto | |
| 650 | 4 | _aEutanasia | |
| 700 | 1 |
_aBernhoft, Robin A., _eautor |
|
| 700 | 1 |
_aBlasi, Camille E. De, _eautor |
|
| 999 |
_c67317 _d67317 |
||
| 942 |
_h179.7 _iSPI _cLI |
||